UM Logo

Adventures in american literature / (Record no. 9609)

MARC details
000 -LEADER
fixed length control field 00762nam a22002057a 4500
008 - FIXED-LENGTH DATA ELEMENTS--GENERAL INFORMATION
fixed length control field 180711b ||||| |||| 00| 0 eng d
020 ## - INTERNATIONAL STANDARD BOOK NUMBER
International Standard Book Number 0-15-335044-X
082 ## - DEWEY DECIMAL CLASSIFICATION NUMBER
Edition number 1985
Classification number DC 810.8
Item number H66
100 ## - MAIN ENTRY--PERSONAL NAME
9 (RLIN) 28537
Personal name Hodgins, Francis
245 ## - TITLE STATEMENT
Title Adventures in american literature /
Statement of responsibility, etc. Francis Hodgins, Kenneth Silverman
250 ## - EDITION STATEMENT
Edition statement Revised Edition
260 ## - PUBLICATION, DISTRIBUTION, ETC. (IMPRINT)
Place of publication, distribution, etc. United States of America
Name of publisher, distributor, etc. Harcourt Brace Jovanovich
Date of publication, distribution, etc. 1985
300 ## - PHYSICAL DESCRIPTION
Extent xvi, 983 pages:
Other physical details illustrations;
Dimensions 23 cm.
500 ## - GENERAL NOTE
General note Includes glossary and index.
650 #0 - SUBJECT ADDED ENTRY--TOPICAL TERM
9 (RLIN) 28538
Topical term or geographic name as entry element Literature -- Study and teaching (Secondary)
650 #0 - SUBJECT ADDED ENTRY--TOPICAL TERM
9 (RLIN) 28539
Topical term or geographic name as entry element American literature -- Study and teaching (Secondary)
650 #0 - SUBJECT ADDED ENTRY--TOPICAL TERM
9 (RLIN) 28540
Topical term or geographic name as entry element Reading (Secondary)
700 ## - ADDED ENTRY--PERSONAL NAME
9 (RLIN) 28541
Personal name Silverman, Kenneth
942 ## - ADDED ENTRY ELEMENTS (KOHA)
Source of classification or shelving scheme Dewey Decimal Classification
Koha item type Circulation
Holdings
Withdrawn status Lost status Source of classification or shelving scheme Damaged status Not for loan Collection code Home library Current library Shelving location Date acquired Source of acquisition Total Checkouts Full call number Barcode Date last seen Date last checked out Copy number Price effective from Koha item type
    Dewey Decimal Classification     Circulation UM Digos College - LIC UM Digos College - LIC Book Cart 07/11/2018 Purchased 7 DC 810.8 H66 1985 11936 05/15/2025 08/22/2018 1 07/11/2018 Circulation